La Responsabilidad social de la Administración : un reto para el siglo XXI / autores: Marta Puig i Campmany, Andreu Martínez i Hernández un reto para el siglo XXI / autores:
ISBN:
978-84-9803-274-1
Descripción Física:
169 p. ; 24 cm
Colección:
Estudios. Desarrollo económico ; 2
Otros Autores:
Martínez i Hernández, Andreu
MARC
| LEADER | 00000nam a2200000Ia 4500 | ||
|---|---|---|---|
| 001 | 19902 | ||
| 008 | 160829s2008 xx 000 0 cat d | ||
| 020 | |a 978-84-9803-274-1 | ||
| 080 | |a M-5-490 | ||
| 100 | |a Puig i Campmany, Marta |9 45594 | ||
| 245 | |a La Responsabilidad social de la Administración : |b un reto para el siglo XXI / autores: |b Marta Puig i Campmany, Andreu Martínez i Hernández | ||
| 260 | |a Barcelona : |b Diputació de Barcelona. Àrea de Desenvolupament Econòmic, |c 2008 | ||
| 300 | |a 169 p. ; |c 24 cm | ||
| 490 | |a Estudios. Desarrollo económico ; 2 | ||
| 590 | |a Bibliografia. | ||
| 590 | |a Hi ha un exemplar en català amb R. 19901 | ||
| 650 | 0 | |a Empreses |x Responsabilitat social |9 45586 | |
| 650 | 0 | |a Administració pública |9 23819 | |
| 700 | |a Martínez i Hernández, Andreu |9 2223 | ||
| 710 | 1 | |a Barcelona (Catalunya : Província). |b Àrea de Desenvolupament Econòmic |9 52904 | |
| 901 | |a Arxiu | ||
| 942 | |n 1 | ||
| 952 | |0 0 |1 0 |4 0 |6 M5490 |7 1 |9 52689 |a Arxiu |b Arxiu |d 2016-12-01 |l 0 |o M-5-490 |p 19902 |r 2016-12-01 00:00:00 |w 2016-12-01 |y ARXIU | ||
| 999 | |c 56538 |d 56538 | ||